000 00774nam a2200181 a 4500
001 000028393
005 20250701121838.0
008 110408s2006 dr 000 0 spa d
040 _aDO-SdBNP
_bspa
_cBNPHU
082 _axxxx
_bR426r
110 1 _aRepública Dominicana.
_bSecretaría de Estado de Educación Superior, Ciencia y Tecnología
_918778
245 1 0 _aReglamento de evaluación para las bibliotecas de las instituciones de educación superior de la República Dominicana /
_cpresentación Ligia Amada Melo de Cardona.
260 _aSanto Domingo :
_bSecretaria de Estado de Educación Superior, Ciencia y Tecnología,
_c2006.
300 _a38 p. ;
_c21 cm.
504 _aBibliografía : p. 35-38
700 1 2 _aMelo de Cardona, Ligia Amada
_927174
049 _aBNPD
999 _c27885
_d27885